000 00214nam a2200097Ia 4500
008 240331s9999 xx 000 0 und d
082 _bSIV
100 _aState Printing. ed
245 0 _aSiva Wasak Sarpaya
942 _cL
999 _c2267
_d2267